000 00485nam a22001697a 4500
003 OSt
005 20120302145255.0
008 090427t xxu||||| |||| 00| 0 eng d
035 _a३५८२
040 _cमराठी
100 _aढसाळ, नामदेव
_94206
245 _aहाडकी हाडवळा
250 _a१ ली
260 _aपुणे
_bअस्मिता
_c१९८१
300 _b१२६ पाने
942 _2ddc
_cBOOK
999 _c489354
_d489351